Differential calculus / (Record no. 19897)
[ view plain ]
| 000 -LEADER | |
|---|---|
| fixed length control field | 00954nam a22002775a 4500 |
| 008 - FIXED-LENGTH DATA ELEMENTS--GENERAL INFORMATION | |
| fixed length control field | 150624r20141942ii a fr 000 0 eng d |
| 020 ## - INTERNATIONAL STANDARD BOOK NUMBER | |
| International Standard Book Number | 9788121904711 |
| 020 ## - INTERNATIONAL STANDARD BOOK NUMBER | |
| International Standard Book Number | 8121904714 |
| 040 ## - CATALOGING SOURCE | |
| Original cataloging agency | EG-ScBUE |
| Language of cataloging | eng |
| Transcribing agency | EG-ScBUE |
| Modifying agency | EG-ScBUE |
| 082 04 - DEWEY DECIMAL CLASSIFICATION NUMBER | |
| Classification number | 515.33 |
| Item number | NAR |
| Edition number | 22 |
| 100 1# - MAIN ENTRY--PERSONAL NAME | |
| Personal name | Narayan, Shanti. |
| 9 (RLIN) | 2015 |
| 245 10 - TITLE STATEMENT | |
| Title | Differential calculus / |
| Statement of responsibility, etc | Shanti narayan ; revised by P. K. Mittal. |
| 246 30 - VARYING FORM OF TITLE | |
| Display text | page title : |
| Title proper/short title | for B. A. & B. Sc. classes as per UGC model syllabus |
| 250 ## - EDITION STATEMENT | |
| Remainder of edition statement | Revised ed. |
| 260 ## - PUBLICATION, DISTRIBUTION, ETC. (IMPRINT) | |
| Place of publication, distribution, etc | New Delhi : |
| Name of publisher, distributor, etc | Shyamal Charitable Trust, |
| Date of publication, distribution, etc | 2014. |
| 300 ## - PHYSICAL DESCRIPTION | |
| Extent | xi, 572 p. : |
| Other physical details | ill. ; |
| Dimensions | 24 cm. |
| 336 ## - | |
| -- | rdacontent |
| -- | text |
| -- | txt |
| 337 ## - | |
| -- | unmediated |
| -- | rdamedia |
| -- | n |
| 338 ## - | |
| -- | volume |
| -- | nc |
| -- | rdacarrier |
| 521 ## - TARGET AUDIENCE NOTE | |
| Target audience note | for B. A. & B. Sc. student. |
| 650 #0 - SUBJECT ADDED ENTRY--TOPICAL TERM | |
| Topical term or geographic name as entry element | Differential calculus. |
| Source of heading or term | BUEsh |
| 651 ## - SUBJECT ADDED ENTRY--GEOGRAPHIC NAME | |
| Source of heading or term | BUEsh |
| 653 ## - INDEX TERM--UNCONTROLLED | |
| Resource For college | Engineering, General |
| Arrived date list | June2015 |
| -- | November2015 |
| 700 1# - ADDED ENTRY--PERSONAL NAME | |
| Personal name | Mittal, P.K., |
| Relator term | reviewer. |
| 942 ## - ADDED ENTRY ELEMENTS (KOHA) | |
| Source of classification or shelving scheme | Dewey Decimal Classification |
| Call number prefix | 515.33 NAR |
| Classification part | RDA-MOD |
| Withdrawn status | Lost status | Source of classification or shelving scheme | Damaged status | Not for loan | Koha collection | Home library | Current library | Shelving location | Date acquired | Source of acquisition | Cost, normal purchase price | Serial Enumeration / chronology | Total Checkouts | Total Renewals | Full call number | Barcode | Date last seen | Date last borrowed | Cost, replacement price | Koha item type |
|---|---|---|---|---|---|---|---|---|---|---|---|---|---|---|---|---|---|---|---|---|
| Dewey Decimal Classification | Alahram | Central Library | Central Library | First floor | 24/06/2015 | Purchase | 92.00 | 337 | 1 | 4 | 515.33 NAR | 000038949 | 15/07/2025 | 20/11/2017 | 115.00 | Book - Borrowing |